LEADER 00933nam a22002651i 4500 001 991000550089707536 005 20021016123301.0 008 021016s1983 it a||||||||||||||||ita 020 $a8807100045 035 $ab12021234-39ule_inst 035 $aARCHE-011103$9ExL 040 $aDip.to Filologia Ling. e Lett.$bita$cA.t.i. Arché s.c.r.l. Pandora Sicilia s.r.l. 082 04$a811.52 100 1 $aHesse, Eva$0400432 245 10$aEzra Pound :$bmetodo e follia /$cEva Hesse 260 $aMilano :$bFeltrinelli,$c1983 300 $a279 p., [8] c. di tav. :$bill. ;$c23 cm 490 0$aCampi del sapere 650 4$aPound, Ezra 907 $a.b12021234$b28-04-17$c01-04-03 912 $a991000550089707536 945 $aLE008 Cr L I 30$g1$i2008000230241$lle008$o-$pE0.00$q-$rl$s- $t0$u0$v0$w0$x0$y.i12309904$z01-04-03 996 $aEzra Pound$9142253 997 $aUNISALENTO 998 $ale008$b01-04-03$cm$da $e-$fita$git $h0$i1 LEADER 01478nam 2200361 450 001 9910325656903321 005 20230817193521.0 010 $a1-5386-8040-8 035 $a(CKB)4100000008337692 035 $a(WaSeSS)IndRDA00123017 035 $a(EXLCZ)994100000008337692 100 $a20200516d2019 uy 0 101 0 $aeng 135 $aur||||||||||| 181 $ctxt$2rdacontent 182 $cc$2rdamedia 183 $acr$2rdacarrier 200 10$a2019 20th International Conference on Thermal, Mechanical and Multi-Physics Simulation and Experiments in Microelectronics and Microsystems $e24-27 March 2019, Hannover, Germany /$fInstitute of Electrical and Electronics Engineers 210 1$aPiscataway, New Jersey :$cInstitute of Electrical and Electronics Engineers,$d2019. 215 $a1 online resource (78 pages) 311 $a1-5386-8041-6 606 $aMicroelectronics$xSimulation methods$vCongresses 606 $aSystems engineering$xSimulation methods$vCongresses 615 0$aMicroelectronics$xSimulation methods 615 0$aSystems engineering$xSimulation methods 676 $a621.381011 712 02$aInstitute of Electrical and Electronics Engineers, 801 0$bWaSeSS 801 1$bWaSeSS 906 $aPROCEEDING 912 $a9910325656903321 996 $a2019 20th International Conference on Thermal, Mechanical and Multi-Physics Simulation and Experiments in Microelectronics and Microsystems$92546304 997 $aUNINA